Score 0/10 Timer 03:00
0 Plays Today
Question Answer Wrong Answers
What is the name of this chapter (chapter ten)? The Rogue Bludger
89.4%
Dobby Strikes Again
4.8%
No More Bones
2%
Petrified
3.3%
During what event does the Fluxweed for a Polyjuice Potion have to be picked? Full Moon
69.6%
Winter Solstice
8.7%
Rain Storm
5.6%
Halloween
12.8%
When Dobby told Harry the chamber had been opened, what did he crack over his own head? Water Jug
66.6%
Bedpan
9.3%
Shoe
3.5%
Flower Pot
15.6%
What does Draco call Harry during their Quidditch match? Scarhead
61.8%
Mudblood Lover
17.4%
Ballerina
10.6%
Slowpoke
4.8%
While acting out scenes with Lockhart, Harry had to play a vampire who could only eat what item? Lettuce
58.4%
Garlic
14.1%
Onion
8.9%
Cabbage
17.6%
Which item is NOT used in Polyjuice Potion? Dittany
57.9%
Leeches
15.2%
Lacewing Flies
8.5%
Knotgrass
8.5%
What was found next to Colin when he was petrified? Grapes
57.9%
Pumpkin Juice
15.6%
Carrots
4.3%
Hot Chocolate
13.9%
Which limb of Harry’s does the bludger hit? Right Arm
56.6%
Left Arm
23%
Right Leg
6.7%
Left Leg
2.6%
How many bones does Harry need to re-grow? 33
50.8%
26
13.9%
42
11.1%
18
11.7%
How many death threats a day does Dobby say he gets? 5
40.8%
7
14.8%
10
18%
13
12.8%
Remove Ads.
Support Sporcle.
Get the best of Sporcle when you Go Orange. This ad-free experience offers more features, more stats, and more fun while also helping to support Sporcle. Thank you for becoming a member.

You're not logged in!

Compare scores with friends on all Sporcle quizzes.
OR
Log In

Show Comments

Extras

Top Quizzes Today


Score Distribution

Your Account Isn't Verified!

In order to create a playlist on Sporcle, you need to verify the email address you used during registration. Go to your Sporcle Settings to finish the process.

Report this User

Report this user for behavior that violates our Community Guidelines.

Details: